[Event "EUR-chT Seniors 65"]
[Site "Mali Losinj"]
[Date "2019.09.23"]
[Round "6.2"]
[White "Nielsen, Jorgen Lovgren"]
[Black "Ahlstrom, Per"]
[Result "1-0"]
[WhiteElo "2052"]
[BlackElo "1838"]
[PlyCount "72"]
[EventDate "2019.09.18"]
[EventType "team-swiss"]
[EventRounds "9"]
[EventCountry "CRO"]
[SourceTitle "EXT 2020"]
[Source "ChessBase"]
[SourceDate "2019.10.17"]
[SourceVersion "1"]
[SourceVersionDate "2019.10.17"]
[SourceQuality "1"]
[WhiteTeam "Roskilde Skive 65"]
[BlackTeam "Sweden 65 III"]
[WhiteTeamCountry "DEN"]
[BlackTeamCountry "SWE"]

1. e4 d6 2. d4 Nf6 3. Nc3 g6 4. Bc4 Bg7 5. Qe2 Nc6 6. Nf3 Bg4 7. Be3 Bxf3 8. gxf3 Nd7 9. 0-0-0 a6 10. h4 h5 11. f4 Na5 12. Bd3 b5 13. e5 Nb6 14. f5 gxf5 15. Bxf5 e6 16. Be4 d5 17. Bf3 Nac4 18. Bg5 Bh6 19. Rdg1 Qe7 20. Bxh6 Rxh6 21. Rg8+ Kd7 22. Rg7 Qb4 23. Nd1 Rf8 24. Bxh5 Qa5 25. Kb1 Na4 26. Bxf7 Ncxb2 27. Bxe6+ Kc6 28. Bxd5+ Kb6 29. Qg4 Nxd1 30. Rg6+ c6 31. Rxh6 Ndc3+ 32. Kc1 Nxa2+ 33. Bxa2 Qc3 34. Qe4 Qb2+ 35. Kd2 Qc3+ 36. Ke2 Qc4+ 1-0

[Event "EUR-chT Seniors 65"]
[Site "Mali Losinj"]
[Date "2019.09.22"]
[Round "5.5"]
[White "Woeber, Friedrich"]
[Black "Nielsen, Jorgen Lovgren"]
[Result "1/2-1/2"]
[WhiteElo "2126"]
[BlackElo "2052"]
[PlyCount "128"]
[EventDate "2019.09.18"]
[EventType "team-swiss"]
[EventRounds "9"]
[EventCountry "CRO"]
[SourceTitle "EXT 2020"]
[Source "ChessBase"]
[SourceDate "2019.10.17"]
[SourceVersion "1"]
[SourceVersionDate "2019.10.17"]
[SourceQuality "1"]
[WhiteTeam "Austria 65"]
[BlackTeam "Roskilde Skive 65"]
[WhiteTeamCountry "AUT"]
[BlackTeamCountry "DEN"]

1. d4 f5 2. Nf3 Nf6 3. c4 g6 4. Nc3 d6 5. g3 Bg7 6. Bg2 0-0 7. 0-0 c6 8. d5 Qc7 9. Re1 Na6 10. Nd4 Bd7 11. Nb3 Rad8 12. e4 Nxe4 13. Nxe4 fxe4 14. Bxe4 c5 15. Qe2 Rde8 16. Bf4 Kh8 17. Rad1 e5 18. dxe6 Rxe6 19. Qd2 Rff6 20. Bd5 Rxe1+ 21. Rxe1 Nb4 22. Bg2 b6 23. Rd1 Bg4 24. f3 Be6 25. Bxd6 Qd7 26. Be5 Qxd2 27. Nxd2 Rf7 28. Bxg7+ Kxg7 29. Ne4 Bxc4 30. Nd6 Be2 31. Re1 Re7 32. Bf1 Re6 33. Rxe2 Rxd6 34. Re7+ Kf6 35. Rxa7 Rd2 36. Bc4 Rxb2 37. a3 Nc6 38. Rxh7 Ne5 39. Bd5 Rd2 40. Be4 Nf7 41. h4 c4 42. g4 g5 43. hxg5+ Nxg5 44. Rc7 Nxe4 45. fxe4 Rd4 46. Rc6+ Ke5 47. Kf2 Rxe4 48. Kf3 Rf4+ 49. Ke3 Rxg4 50. Rxb6 Rg3+ 51. Kd2 Rxa3 52. Kc2 Kd4 53. Rh6 Ra2+ 54. Kc1 Rg2 55. Rh3 Kc5 56. Rf3 Kb4 57. Rh3 c3 58. Rh8 Rg5 59. Rb8+ Rb5 60. Rxb5+ Kxb5 61. Kc2 Kc4 62. Kc1 Kb3 63. Kb1 c2+ 64. Kc1 Kc3 1/2-1/2

[Event "Helsingor Xtracon op"]
[Site "Helsingor"]
[Date "2018.07.25"]
[Round "6"]
[White "Nielsen, Jorgen Lovgren"]
[Black "Pettersen, Johan"]
[Result "0-1"]
[WhiteElo "2051"]
[BlackElo "1858"]
[PlyCount "78"]
[EventDate "2018.07.21"]
[EventType "swiss"]
[EventRounds "10"]
[EventCountry "DEN"]
[SourceTitle "CBM 185 Extra"]
[Source "ChessBase"]
[SourceDate "2018.07.29"]
[SourceVersion "1"]
[SourceVersionDate "2018.07.29"]
[SourceQuality "1"]

1. e4 e6 2. d4 d5 3. Nd2 Nf6 4. e5 Nfd7 5. Bd3 c5 6. c3 Nc6 7. Ne2 cxd4 8. cxd4 f6 9. exf6 Nxf6 10. Nf3 Bd6 11. 0-0 0-0 12. Bg5 e5 13. dxe5 Nxe5 14. Nxe5 Bxe5 15. Ng3 Qb6 16. Bxf6 Qxf6 17. Qc2 g6 18. Rab1 Bd7 19. Kh1 Rac8 20. Qb3 Bc6 21. Be4 Qf7 22. Bf3 d4 23. Qxf7+ Rxf7 24. Ne4 Rd8 25. Rfe1 Bf4 26. Rbd1 d3 27. Nc5 d2 28. Re2 Bxf3 29. gxf3 Rc7 30. Nb3 Rc1 31. Nxc1 dxc1Q 32. Rxc1 Bxc1 33. Re7 Bxb2 34. Rxb7 Bd4 35. Kg2 Bb6 36. a4 Rd2 37. Kg3 Ra2 38. Kf4 Rxa4+ 39. Ke5 Ra5+ 0-1

[Event "Helsingor Xtracon op"]
[Site "Helsingor"]
[Date "2018.07.24"]
[Round "5"]
[White "Song, Edward"]
[Black "Nielsen, Jorgen Lovgren"]
[Result "1-0"]
[WhiteElo "2275"]
[BlackElo "2051"]
[PlyCount "77"]
[EventDate "2018.07.21"]
[EventType "swiss"]
[EventRounds "10"]
[EventCountry "DEN"]
[SourceTitle "CBM 185 Extra"]
[Source "ChessBase"]
[SourceDate "2018.07.29"]
[SourceVersion "1"]
[SourceVersionDate "2018.07.29"]
[SourceQuality "1"]

1. Nf3 g6 2. e4 Bg7 3. d4 d6 4. Bc4 Nf6 5. Qe2 d5 6. exd5 Nxd5 7. 0-0 Nc6 8. c3 0-0 9. Re1 h6 10. Nbd2 Re8 11. Bb5 Bd7 12. Ne4 a6 13. Bxc6 Bxc6 14. Ne5 Bd7 15. Nc5 Bc8 16. Qf3 Rf8 17. Bd2 c6 18. Rad1 Qb6 19. b3 Qc7 20. c4 Nf6 21. Bf4 Qa5 22. a4 Rd8 23. Kf1 Qb6 24. h3 Bf5 25. g4 Bc8 26. Qe3 g5 27. Bg3 Bf8 28. f4 Nh7 29. f5 Nf6 30. h4 Nh7 31. Kg2 a5 32. Rh1 Bg7 33. hxg5 hxg5 34. Nxf7 Rf8 35. Nxg5 Nf6 36. Nge6 Nxg4 37. Qg5 Bxe6 38. Nxe6 Ne3+ 39. Qxe3 1-0

[Event "Helsingor Xtracon op"]
[Site "Helsingor"]
[Date "2017.07.30"]
[Round "10"]
[White "Nielsen, Jorgen Lovgren"]
[Black "Leutwyler, Martin"]
[Result "1/2-1/2"]
[WhiteElo "2063"]
[BlackElo "2198"]
[PlyCount "60"]
[EventDate "2017.07.22"]
[EventType "swiss"]
[EventRounds "10"]
[EventCountry "DEN"]
[SourceTitle "CBM 179 Extra"]
[Source "ChessBase"]
[SourceDate "2017.08.23"]
[SourceVersion "1"]
[SourceVersionDate "2017.08.23"]
[SourceQuality "1"]

1. e4 c6 2. d4 d5 3. Nc3 dxe4 4. Nxe4 Bf5 5. Ng3 Bg6 6. h4 h6 7. Nf3 Nd7 8. h5 Bh7 9. Bd3 Bxd3 10. Qxd3 e6 11. Bd2 Ngf6 12. 0-0-0 Be7 13. Qe2 c5 14. dxc5 Qc7 15. Bc3 0-0 16. Ne5 Nxc5 17. Kb1 Na4 18. Bd4 Rfd8 19. Qb5 Nc5 20. Rhe1 a6 21. Qe2 Rac8 22. Ng4 Qf4 23. Nxf6+ Bxf6 24. Bxc5 Rxd1+ 25. Rxd1 Rxc5 26. Ne4 Rb5 27. Nxf6+ Qxf6 28. b3 Rf5 29. Rd2 Qg5 30. g4 Rd5 1/2-1/2

[Event "Helsingor Xtracon op"]
[Site "Helsingor"]
[Date "2016.07.28"]
[Round "7"]
[White "Ramkilde, Mikael"]
[Black "Nielsen, Jorgen Lovgren"]
[Result "1-0"]
[WhiteElo "1907"]
[BlackElo "2085"]
[PlyCount "51"]
[EventDate "2016.07.23"]
[EventType "swiss"]
[EventRounds "10"]
[EventCountry "DEN"]
[SourceTitle "CBM 173 Extra"]
[Source "ChessBase"]
[SourceDate "2016.08.29"]
[SourceVersion "1"]
[SourceVersionDate "2016.08.29"]
[SourceQuality "1"]

1. e4 e5 2. Nf3 Nc6 3. d4 exd4 4. Nxd4 Bc5 5. Nb3 Bb6 6. Nc3 d6 7. a4 a6 8. Qe2 Nge7 9. Be3 Bxe3 10. Qxe3 0-0 11. 0-0-0 Ng6 12. f4 Re8 13. g3 Nb4 14. Qf3 Qf6 15. h4 Bd7 16. Bg2 Bc6 17. Nd4 b5 18. Nxc6 Nxc6 19. e5 dxe5 20. Qxc6 Rab8 21. Qxf6 gxf6 22. h5 Ne7 23. a5 c6 24. Ne4 Nd5 25. Rxd5 cxd5 26. Nxf6+ 1-0

[Event "Helsingor Xtracon op"]
[Site "Helsingor"]
[Date "2016.07.26"]
[Round "5"]
[White "Haugli, Petter"]
[Black "Nielsen, Jorgen Lovgren"]
[Result "1-0"]
[WhiteElo "2257"]
[BlackElo "2085"]
[PlyCount "83"]
[EventDate "2016.07.23"]
[EventType "swiss"]
[EventRounds "10"]
[EventCountry "DEN"]
[SourceTitle "CBM 173 Extra"]
[Source "ChessBase"]
[SourceDate "2016.08.29"]
[SourceVersion "1"]
[SourceVersionDate "2016.08.29"]
[SourceQuality "1"]

1. d4 f5 2. c4 Nf6 3. Nf3 g6 4. g3 Bg7 5. Bg2 d6 6. 0-0 0-0 7. Nc3 c6 8. b4 Qc7 9. Qb3 Kh8 10. c5 Nh5 11. cxd6 exd6 12. d5 Nd7 13. Bb2 Nb6 14. Rac1 Qe7 15. b5 Nxd5 16. Nxd5 cxd5 17. Bxg7+ Nxg7 18. Qxd5 Be6 19. Qd2 Rac8 20. Nd4 Bf7 21. e3 Rc5 22. a4 Rfc8 23. Rfd1 Qc7 24. Rxc5 dxc5 25. Ne2 Bb3 26. Ra1 Rd8 27. Qb2 Bf7 28. a5 b6 29. axb6 axb6 30. h4 h6 31. Ra6 Kh7 32. Qa1 Rd7 33. Bc6 Re7 34. Nf4 g5 35. hxg5 hxg5 36. Nh3 g4 37. Nf4 Be6 38. Qf6 Bf7 39. Qh4+ Kg8 40. Nd5 Bxd5 41. Bxd5+ Ne6 42. Qf6 1-0

[Event "Helsingor Xtracon op"]
[Site "Helsingor"]
[Date "2016.07.25"]
[Round "4"]
[White "Nielsen, Jorgen Lovgren"]
[Black "McPhillips, Joseph"]
[Result "1/2-1/2"]
[WhiteElo "2085"]
[BlackElo "2341"]
[PlyCount "118"]
[EventDate "2016.07.23"]
[EventType "swiss"]
[EventRounds "10"]
[EventCountry "DEN"]
[SourceTitle "CBM 173 Extra"]
[Source "ChessBase"]
[SourceDate "2016.08.29"]
[SourceVersion "1"]
[SourceVersionDate "2016.08.29"]
[SourceQuality "1"]

1. e4 e6 2. d4 d5 3. Nd2 Nf6 4. e5 Nfd7 5. Bd3 c5 6. c3 Nc6 7. Ne2 cxd4 8. cxd4 f6 9. exf6 Nxf6 10. 0-0 Bd6 11. Nf3 Qc7 12. Nc3 a6 13. Bg5 0-0 14. Rc1 Bd7 15. a3 Be8 16. Qe1 Bf7 17. b4 Ng4 18. h3 Nh2 19. Nxh2 Bxh2+ 20. Kh1 Bf4 21. Bxf4 Qxf4 22. Ne2 Qh4 23. f4 Qf6 24. Qd2 Bh5 25. Ng3 Bg6 26. Bxg6 Qxg6 27. Qe3 Nxd4 28. Qxd4 Qxg3 29. f5 Qd6 30. fxe6 Rxf1+ 31. Rxf1 Qxe6 32. Rd1 Rd8 33. Rd3 Qf6 34. Qe3 h6 35. Rd4 Qd6 36. Qd2 Qe5 37. Qd1 Qg5 38. Qd3 Rc8 39. Qe2 Kh8 40. Kh2 Rc3 41. Qe8+ Kh7 42. Rg4 Qf6 43. a4 Qd6+ 44. Kg1 Rc1+ 45. Kf2 Qf6+ 46. Kg3 Rc7 47. Qe2 Rc3+ 48. Kh2 h5 49. Rg3 g6 50. Rxc3 Qxc3 51. Qe7+ Qg7 52. Qd6 Qf7 53. b5 axb5 54. axb5 Kh6 55. b6 Kg5 56. Qe5+ Kh6 57. Qh8+ Qh7 58. Qd8 Qf7 59. Qh8+ Qh7 1/2-1/2

[Event "Politiken Cup 37th"]
[Site "Helsingor"]
[Date "2015.07.27"]
[Round "4"]
[White "Nielsen, Jorgen Lovgren"]
[Black "Papp, Petra"]
[Result "0-1"]
[WhiteElo "2106"]
[BlackElo "2300"]
[PlyCount "84"]
[EventDate "2015.07.25"]
[EventType "swiss"]
[EventRounds "10"]
[EventCountry "DEN"]
[SourceTitle "CBM 167 Extra"]
[Source "ChessBase"]
[SourceDate "2015.09.14"]
[SourceVersion "1"]
[SourceVersionDate "2015.09.14"]
[SourceQuality "1"]

1. e4 c5 2. Nf3 d6 3. d4 cxd4 4. Nxd4 Nf6 5. Nc3 a6 6. Be2 e5 7. Nb3 Be7 8. 0-0 0-0 9. Be3 Be6 10. f4 exf4 11. Bxf4 Nc6 12. Kh1 Rc8 13. Qd2 Ne5 14. Nd4 Qb6 15. Rab1 Rfe8 16. Be3 Qa5 17. Nb3 Qc7 18. Rbc1 b5 19. Rfd1 h6 20. Nd5 Bxd5 21. exd5 Nfg4 22. Bxg4 Nxg4 23. Bf4 Bh4 24. Rf1 Qc4 25. h3 Nf6 26. Bxd6 Ne4 27. Qf4 Ng3+ 28. Kh2 Nxf1+ 29. Rxf1 Qxf4+ 30. Rxf4 Bg5 31. Rf2 Rcd8 32. Bg3 Rxd5 33. c3 Rd1 34. Rc2 h5 35. h4 Be3 36. Bf2 Bxf2 37. Rxf2 Re4 38. g3 Ree1 39. Kg2 Rg1+ 40. Kh2 Rh1+ 41. Kg2 Rdg1+ 42. Kf3 Rf1 0-1

[Event "Koge Xtracon op"]
[Site "Koge"]
[Date "2014.10.12"]
[Round "3"]
[White "Tolba, Henri"]
[Black "Nielsen, Jorgen Lovgren"]
[Result "0-1"]
[WhiteElo "1698"]
[BlackElo "2111"]
[PlyCount "66"]
[EventDate "2014.10.11"]
[EventType "swiss"]
[EventRounds "9"]
[EventCountry "DEN"]
[SourceTitle "EXT 2015"]
[Source "ChessBase"]
[SourceDate "2014.11.20"]
[SourceVersion "1"]
[SourceVersionDate "2014.11.20"]
[SourceQuality "1"]

1. Nf3 f5 2. d4 Nf6 3. c4 g6 4. Nc3 Bg7 5. e3 d6 6. Be2 0-0 7. 0-0 c6 8. Nd2 Qc7 9. f4 e5 10. fxe5 dxe5 11. Nf3 e4 12. Nh4 Be6 13. b3 Rd8 14. Qe1 Na6 15. a3 Qd7 16. Rb1 Nc7 17. g3 Rab8 18. Ng2 b5 19. cxb5 cxb5 20. Nf4 Bf7 21. b4 Nfe8 22. Bd1 Nd6 23. Bb3 Nc4 24. Rf2 Rb6 25. Ra2 Rc6 26. a4 a6 27. axb5 axb5 28. Ra7 Bxd4 29. Rxc7 Rxc7 30. Bxc4 Bxc3 31. Bxf7+ Kxf7 32. Qf2 Qd1+ 33. Kg2 Bd2 0-1

[Event "Politiken Cup 36th"]
[Site "Helsingor"]
[Date "2014.07.25"]
[Round "6"]
[White "Olsson, Tomas"]
[Black "Nielsen, Jorgen Lovgren"]
[Result "1/2-1/2"]
[WhiteElo "1872"]
[BlackElo "2135"]
[PlyCount "56"]
[EventDate "2014.07.21"]
[EventType "swiss"]
[EventRounds "10"]
[EventCountry "DEN"]
[SourceTitle "CBM 161 Extra"]
[Source "ChessBase"]
[SourceDate "2014.08.29"]
[SourceVersion "1"]
[SourceVersionDate "2014.08.29"]
[SourceQuality "1"]

1. e4 e5 2. Nf3 Nc6 3. Bc4 Nf6 4. d3 d5 5. exd5 Nxd5 6. 0-0 Be7 7. Re1 Bg4 8. h3 Bxf3 9. Qxf3 Nd4 10. Qd1 Qd6 11. c3 Nc6 12. b4 a6 13. a4 0-0 14. Qf3 Nb6 15. Bb3 Rad8 16. b5 Na5 17. Bc2 Qd5 18. Qxd5 Nxd5 19. Bd2 f6 20. Na3 Bc5 21. Reb1 Bb6 22. Ra2 Nf4 23. Bxf4 exf4 24. Nc4 Nxc4 25. Bb3 Rfe8 26. Bxc4+ Kf8 27. Kf1 Re5 28. Re1 Rde8 1/2-1/2

[Event "Politiken Cup 36th"]
[Site "Helsingor"]
[Date "2014.07.24"]
[Round "5"]
[White "Nielsen, Jorgen Lovgren"]
[Black "Henningsen, Lasse"]
[Result "1/2-1/2"]
[WhiteElo "2135"]
[BlackElo "1830"]
[PlyCount "53"]
[EventDate "2014.07.21"]
[EventType "swiss"]
[EventRounds "10"]
[EventCountry "DEN"]
[SourceTitle "CBM 161 Extra"]
[Source "ChessBase"]
[SourceDate "2014.08.29"]
[SourceVersion "1"]
[SourceVersionDate "2014.08.29"]
[SourceQuality "1"]

1. e4 e5 2. Nf3 Nc6 3. Bb5 a6 4. Ba4 Nf6 5. 0-0 Be7 6. Re1 b5 7. Bb3 Bb7 8. c3 d5 9. exd5 Nxd5 10. Nxe5 Nxe5 11. Rxe5 Nf4 12. Bxf7+ Kxf7 13. Rf5+ Bf6 14. Rxf4 Qd3 15. Qh5+ Kf8 16. b3 Kg8 17. Ba3 g6 18. Qd1 Kg7 19. Qf1 Qc2 20. Bc5 Rhe8 21. Na3 Qxd2 22. Be3 Qb2 23. Qc1 Qxc1+ 24. Rxc1 Bg5 25. Rg4 Bxe3 26. fxe3 Rxe3 27. Kf2 1/2-1/2

[Event "Politiken Cup 36th"]
[Site "Helsingor"]
[Date "2014.07.22"]
[Round "2"]
[White "Kristiansen, Jens"]
[Black "Nielsen, Jorgen Lovgren"]
[Result "1-0"]
[WhiteElo "2412"]
[BlackElo "2135"]
[PlyCount "71"]
[EventDate "2014.07.21"]
[EventType "swiss"]
[EventRounds "10"]
[EventCountry "DEN"]
[SourceTitle "CBM 161 Extra"]
[Source "ChessBase"]
[SourceDate "2014.08.29"]
[SourceVersion "1"]
[SourceVersionDate "2014.08.29"]
[SourceQuality "1"]

1. d4 d5 2. c4 e6 3. Nc3 Nf6 4. cxd5 exd5 5. Bg5 Be7 6. e3 0-0 7. Bd3 c6 8. Qc2 h6 9. Bh4 Re8 10. Nge2 Nbd7 11. 0-0 Nf8 12. f3 Ne6 13. Rad1 b6 14. Kh1 Bb7 15. Bf5 Qc7 16. Bg3 Bd6 17. Bxd6 Qxd6 18. e4 Nd7 19. e5 Qe7 20. f4 Rac8 21. Qd2 Red8 22. Bd3 c5 23. Nb5 Nxd4 24. Nexd4 cxd4 25. Nd6 Rc7 26. b4 Nf8 27. Nf5 Qe8 28. Nxd4 Ne6 29. Nb5 Rcd7 30. Nxa7 Ra8 31. Nb5 Bc6 32. Nd6 Qe7 33. Bb1 Rc7 34. Qd3 Nf8 35. Qg3 Rca7 36. Nf5 1-0

[Event "Roskilde Domkirke"]
[Site "Roskilde"]
[Date "1996.10.31"]
[Round "2"]
[White "Nielsen, Jorgen Lovgren"]
[Black "Molvig, Henrik"]
[Result "0-1"]
[WhiteElo "2117"]
[BlackElo "2201"]
[PlyCount "62"]
[EventDate "1996.10.24"]
[EventType "tourn"]
[EventRounds "7"]
[EventCountry "DEN"]
[SourceTitle "EXT 2018"]
[Source "ChessBase"]
[SourceDate "2017.10.13"]
[SourceVersion "1"]
[SourceVersionDate "2017.10.13"]
[SourceQuality "1"]

1. e4 c5 2. Nf3 d6 3. d4 cxd4 4. Nxd4 Nf6 5. Nc3 a6 6. Bg5 e6 7. f4 b5 8. Qf3 Bb7 9. Bd3 Qb6 10. 0-0-0 Nbd7 11. Nb3 b4 12. Ne2 Be7 13. Rhe1 0-0 14. Ng3 a5 15. Bxf6 Nxf6 16. Nd2 a4 17. Nc4 Qc7 18. Qf2 b3 19. Kb1 bxa2+ 20. Kxa2 d5 21. Qb6 Qc8 22. Na5 dxe4 23. Qxb7 exd3 24. Rxd3 Rxa5 25. Qxe7 Nd5 26. Qa3 Qxc2 27. Rd4 Rb8 28. Re2 Qc6 29. Ne4 Qb6 30. Rd1 Rb5 31. Rdd2 Nb4+ 0-1

[Event "Roskilde Domkirke op"]
[Site "Roskilde"]
[Date "1995.10.26"]
[Round "1"]
[White "Nielsen, Jorgen Lovgren"]
[Black "Asmund, Gert"]
[Result "0-1"]
[WhiteElo "2111"]
[BlackElo "2045"]
[PlyCount "36"]
[EventDate "1995.10.26"]
[EventType "swiss"]
[EventRounds "7"]
[EventCountry "DEN"]
[SourceTitle "EXT 2018"]
[Source "ChessBase"]
[SourceDate "2017.10.13"]
[SourceVersion "1"]
[SourceVersionDate "2017.10.13"]
[SourceQuality "1"]

1. e4 e5 2. Nf3 Nc6 3. Bb5 a6 4. Ba4 Nf6 5. 0-0 Nxe4 6. Re1 d5 7. Nxe5 Bd6 8. Nxc6 Bxh2+ 9. Kf1 Qh4 10. Qf3 0-0 11. Nd4 Bg4 12. Rxe4 dxe4 13. Qxe4 Bd6 14. Nf3 Qh1+ 15. Ke2 Qxg2 16. d4 b5 17. Be3 Rae8 18. Qc6 Bf4 0-1

[Event "Roskilde Domkirke op"]
[Site "Roskilde"]
[Date "1994.11.03"]
[Round "2"]
[White "Toth, Laszlo4444"]
[Black "Nielsen, Jorgen Lovgren"]
[Result "0-1"]
[WhiteElo "2265"]
[BlackElo "2081"]
[PlyCount "80"]
[EventDate "1994.10.27"]
[EventType "swiss"]
[EventRounds "7"]
[EventCountry "DEN"]
[SourceTitle "EXT 2018"]
[Source "ChessBase"]
[SourceDate "2017.10.13"]
[SourceVersion "1"]
[SourceVersionDate "2017.10.13"]
[SourceQuality "1"]

1. e4 e5 2. f4 Bc5 3. Nf3 d6 4. Nc3 Nf6 5. Bc4 Nc6 6. f5 Na5 7. d3 Nxc4 8. dxc4 h6 9. Qe2 c6 10. Be3 Bb4 11. Bd2 Ba5 12. 0-0-0 Qe7 13. Be1 Bc7 14. Bh4 g6 15. fxg6 fxg6 16. Qd2 Bg4 17. Rdf1 Bxf3 18. Rxf3 g5 19. Rhf1 Rf8 20. Bxg5 hxg5 21. Qxg5 Bd8 22. h4 Qe6 23. h5 Be7 24. h6 Kd7 25. Qg7 Rg8 26. Rxf6 Rxg7 27. Rxe6 Rxg2 28. Rff6 Bxf6 29. Rxf6 Ke7 30. Rf1 Rh8 31. Rh1 Rg6 32. Kd2 Rhxh6 33. Rxh6 Rxh6 34. Kd3 Rh3+ 35. Kd2 Kf6 36. b4 Kg5 37. a4 Kf4 38. b5 Rh2+ 39. Kc1 Ke3 40. a5 Kd4 0-1